000
00220nam a2200097Ia 4500
008
240331s9999 xx 000 0 und d
082
_b
OXF
100
_a
Waite, M. ed
245
4
_a
The Oxford paperback thesaurus
942
_c
L
999
_c
3219
_d
3219